Sri Daksinamurti Stotram of Sri Sankaracarya/ (Record no. 64461)

MARC details
000 -LEADER
fixed length control field 00731nam a22001577a 4500
005 - DATE AND TIME OF LATEST TRANSACTION
control field 2012021600430.0
020 ## - INTERNATIONAL STANDARD BOOK NUMBER
Terms of availability 280.00
International Standard Book Number 8124602104
035 ## - SYSTEM CONTROL NUMBER
System control number B-88651
037 ## - SOURCE OF ACQUISITION
Stock number DPL
Source of stock number/acquisition ENG
100 ## - MAIN ENTRY--PERSONAL NAME
Personal name Tattvavidananda Saraswati
245 ## - TITLE STATEMENT
Title Sri Daksinamurti Stotram of Sri Sankaracarya/
Statement of responsibility, etc by Tattvavidananda
260 ## - PUBLICATION, DISTRIBUTION, ETC. (IMPRINT)
Place of publication, distribution, etc New Delhi
Name of publisher, distributor, etc D.K. Printworld (P) Ltd.
Date of publication, distribution, etc 2002
300 ## - PHYSICAL DESCRIPTION
Extent xi,164p.
Dimensions 23 cms.
942 ## - ADDED ENTRY ELEMENTS (KOHA)
Source of classification or shelving scheme Dewey Decimal Classification
Item type English Books
Classification part 230.45
Call number suffix TAT
Holdings
Withdrawn status Lost status Not for loan Collection code Home library Current library Date acquired Cost, normal purchase price Full call number Barcode Cost, replacement price Koha item type
      Non-fiction Sarojini Nagar Sarojini Nagar 28/03/2012 280.00 230.45 TAT B-88651 280.00 English Books

© Delhi Public Library
Hit Counter
free hit counter